| 000 | 00436nam a22001457a 4500 | ||
|---|---|---|---|
| 999 |
_c7771 _d7769 |
||
| 005 | 20210325120741.0 | ||
| 008 | 210325b ||||| |||| 00| 0 eng d | ||
| 082 | _a345.408 23 | ||
| 100 |
_aMANOHAR AND CHITALEY _96503 |
||
| 245 | _aTHE AIR MANUAL CIVIL AND CRIMINAL PENAL COAD [1860] SECTION-76 TO SECTION- 300 , [VOL-37] | ||
| 260 |
_aNAGPUR _bTHE ALL INDIA REPORTER PVT.LTD. |
||
| 300 | _a1612,p | ||
| 650 |
_aLAW _95701 |
||
| 942 | _cJRL | ||